Szczegóły MARC21

Zbiór zadań z mikroekonomii : praca zbiorowa /

003 -Nazwa inst., której nr kontr. jest w polu 001 [,]
    • @
    • Nazwa instytucji, której n kontrolny jest w polu 001
    • NUKAT
005 -DATA I CZAS OSTATNIEJ MODYFIKACJI [,]
    • @
    • pole kontrolne
    • 20241231111214.0
040 -Instytucja sporządzająca opis [ , ]
    • a
    • Instytucja, która sporządziła opis (NP)
    • SZCZ U/KLR
    • b
    • Język katalogowania
    • pol
    • e
    • Zasady katalogowania
    • rda
    • c
    • Instytucja, która sporządziła rekord (NP)
    • SZCZ U/KLRs
942 -Rodzaj dokumentu [ , ]
    • c
    • Rodzaj dokumentu
    • Książka
245 -Strefa tytułu i oznaczenia odpowiedzialności [0,0]
    • a
    • Tytuł
    • Zbiór zadań z mikroekonomii : Find
    • b
    • Ciąg dalszy tytułu (NP)
    • praca zbiorowa / Find
    • c
    • Pozostałe elementy strefy tytułu i oznaczenia odpowiedzialności (NP)
    • pod redakcją Danuty Kopycińskiej ; autorzy: T. Bernat [i 8 pozostałych].
246 -Wariant tytułu [1,4]
    • a
    • Tytuł (NP)
    • Mikroekonomia :
    • b
    • Ciąg dalszy tytułu (NP)
    • zbiór zadań
260 -Strefa adresu wydawniczego [ , ]
    • a
    • Miejsce wydania (P)
    • Szczecin :
    • b
    • Nazwa wydawcy (P)
    • [wydawca nieznany],
    • c
    • Data wydania (P)
    • 1997.
300 -Strefa opisu fizycznego [ , ]
    • a
    • Określenie formy książki i/lub objętość (NP)
    • 72 strony :
    • b
    • Oznaczenie ilustracji (NP)
    • ilustracje ;
    • c
    • Format (NP)
    • 21 cm.
336 -Typ zawartości [ , ]
    • a
    • Termin opisujący typ zawartości
    • Tekst
    • b
    • Kod określający zawartość
    • txt
    • 2
    • Źródło (terminu i kodu)
    • rdacontent
337 -Typ mediów [ , ]
    • a
    • Tryb odtwarzania
    • Bez urządzenia pośredniczącego
    • b
    • Kod typu mediów
    • n
    • 2
    • Źródło (terminu i kodu)
    • rdamedia
338 -Typ/rodzaj nośnika [ , ]
    • a
    • Hasło opisujące typ nośnika
    • Wolumin
    • b
    • Kod typu nośnika
    • nc
    • 2
    • Źródło (terminu i kodu)
    • rdacarrier
080 -Uniwersalna Klasyfikacja Dziesiętna [ , ]
    • a
    • Symbol klasyfikacji
    • 330.101.542(076)
650 -Hasło przedmiotowe [ ,7]
    • a
    • Hasło przedmiotowe
    • Mikroekonomia
    • v
    • Określnik formalny
    • zadania i ćwiczenia.
    • 2
    • Źródło terminu
    • kaba
    • 9
    • KHW
    • 355569
980 -Symbol UKD [ , ]
    • a
    • UKD
    • 330.101.542(076)
700 -Hasło dodatkowe - nazwa osobowa [1, ]
    • a
    • Nazwa osobowa (NP)
    • Kopycińska, Danuta. Find
    • e
    • Określenie rodzaju współpracy
    • Redakcja
    • 9
    • KHW
    • 1705
700 -Hasło dodatkowe - nazwa osobowa [1, ]
    • a
    • Nazwa osobowa (NP)
    • Bernat, Tomasz. Find
    • e
    • Określenie rodzaju współpracy
    • Autor
    • 9
    • KHW
    • 13919
Status udost. Numer inwentarzowy Data inwentaryzacji Lokalizacja
-2E.650451997-12-05BE
2S.815891997-12-05BE
2S.815901997-12-05BE
2S.815911997-12-05BE
2S.815921997-12-05BE
2S.815931997-12-05BE
2S.815941997-12-05BE
2S.815951997-12-05BE
2S.815961997-12-05BE
2S.815971997-12-05BE
2S.815981997-12-05BE
2S.815991997-12-05BE
2S.816001997-12-05BE
2S.816011997-12-05BE
2S.816021997-12-05BE
2S.816031997-12-05BE
2S.816041997-12-05BE
2S.816051997-12-05BE
2S.816061997-12-05BE
-3S.816071997-12-05BE
-6S.816081997-12-05BE
6S.816091997-12-05BE
6S.816101997-12-05BE
6S.816111997-12-05BE
6S.816121997-12-05BE
6S.816131997-12-05BE
6S.816141997-12-05BE
6S.816151997-12-05BE
2S.816181997-12-05BE
-3TS.816171997-12-05T
-3TS.816161997-12-05T